000 00440nam a2200181Ia 4500
001 19146
005 20260306171722.0
008 260306s9999||||xx |||||||||||||| ||und||
041 _aESP
082 _a658.8
_bM16
100 _aEditorial Mapfre
_eAUT
245 0 _aMarketing y gestión comercial de seguros
260 _c1996
300 _axiv, 394 páginas :
_c21 cm.
650 _aGEN
654 _aCAN
942 _cLIB
_dJUS
_fJUS
_2ddc
_n
999 _c19146
_d19146